pays par images partielles de drapeaux #8 - Statistiques

Statistiques générales
  • Ce quiz a été pris 22 fois
  • Le résultat moyen est 9 sur 16
Statistiques - réponses
Par images Réponse % Correct
Thaïlande
89%
Azerbaïdjan
78%
Maldives
72%
Micronésie
72%
Palaos
72%
Turkménistan
67%
Zambie
67%
Erythrée
61%
Guyana
61%
Salvador
61%
Nauru
44%
Tonga
44%
Guinée
33%
Guinée Bissau
33%
Salomon
22%
République centre africaine
17%
Aucun quiz correspondant
Distribution des résultats
% des personnes avec chaque résultat
Percentile par nombre de réponses
Votre historique - résultats
Vous n’avez pas pris ce quiz